00306nam a2200133Ia 45000030006000000080041000060400015000471000024000622450038000862500010001242600009001345460012001430050017001550STCL150530s9999 xx 000 0 und d aSTCLcSTCL aShripad Rama Sharma aOur heritage and its significance aFirst c1947 aEnglish20220125170630.0